Verwendung neuer Technologien und IKT-Beschäftigung in österreichischen Unternehmen: Ein Überblick (Record no. 9131)

MARC details
000 -LEADER
fixed length control field 03174nam a22002897u 4500
001 - CONTROL NUMBER
control field pwiiw7011
003 - CONTROL NUMBER IDENTIFIER
control field OSt
005 - DATE AND TIME OF LATEST TRANSACTION
control field 20260516120101.0
008 - FIXED-LENGTH DATA ELEMENTS--GENERAL INFORMATION
fixed length control field 241027t2024 au ||||| |||| 00| ||eng d
040 ## - CATALOGING SOURCE
Transcribing agency OSt
041 ## - LANGUAGE CODE
Language code of text/sound track or separate title eng
084 ## - OTHER CLASSIFICATION NUMBER
Classification number O33
-- O5
Number source jelc
100 1# - MAIN ENTRY--PERSONAL NAME
Personal name Stehrer, Robert
9 (RLIN) 5
245 10 - TITLE STATEMENT
Title Verwendung neuer Technologien und IKT-Beschäftigung in österreichischen Unternehmen: Ein Überblick
260 ## - PUBLICATION, DISTRIBUTION, ETC.
Place of publication, distribution, etc. Wien :
Name of publisher, distributor, etc. Wiener Institut für Internationale Wirtschaftsvergleiche (wiiw),
Date of publication, distribution, etc. 2024.
300 ## - PHYSICAL DESCRIPTION
Extent 38 S.,
Other physical details 27 Tables,
Dimensions 30cm.
490 1# - SERIES STATEMENT
Series statement wiiw Statistical Reports
Volume/sequential designation 12
520 ## - SUMMARY, ETC.
Summary, etc. Verwendung neuer Technologien und IKT-Beschäftigung in österreichischen Unternehmen: Ein Überblick<br/><br/>This publication is available in German language only.<br/><br/>For a brief English summary see further below.<br/><br/>Dieser Bericht vermittelt einen Überblick über Erhebungen zur Verwendung von Informations- und Kommunikationstechnologien (IKT) sowie zur Anwendung neuer Technologien auf Firmenebene. Konkret werden die Ergebnisse der IKTU-Erhebungen der Statistik Austria für die Jahre 2015-2022 ausgewertet und zusammengefasst. Der Bericht gibt Aufschluss darüber, wie viele Unternehmen neue Technologien verwenden, welche Probleme dem Einsatz neuer Technologien entgegenstehen und warum manche Unternehmen auf den Einsatz neuer Technologien verzichten. Der in der Erhebung untersuchte Technologieeinsatz umfasst beispielsweise die Verwendung von Computern und Internet, die Kommunikation über Internet und soziale Medien, die Verwendung von Robotik, 3D-Druck und künstlicher Intelligenz sowie den Einsatz von E-Business, Big-Data-Analysen und Cloud-Services. Außerdem werden Aspekte wie die Beschäftigung von IKT-Spezialist:innen sowie das Angebot von IKT Schulungen in unterschiedlichen Firmengruppen beleuchtet.<br/><br/>Use of new technologies and ICT employment in Austrian companies: An overview<br/><br/>This report provides an overview of surveys on the use of information and communication technologies (ICT) and the use of new technologies at company level. Specifically, the results of the ICT surveys conducted by Statistics Austria for the years 2015-2022 are analysed and summarised. The report provides information on how many companies use new technologies, what problems prevent the use of new technologies and why some companies refrain from using new technologies. The use of technology examined in the survey includes, for example, the use of computers and internet, communication via the internet and social media, the use of robotics, 3D printing and artificial intelligence as well as the use of e-business, big data analyses and cloud services. Aspects such as the employment of ICT specialists and the provision of ICT training in various groups of companies are also highlighted.<br/><br/>Analyse der österreichischen IKT-Landschaft:<br/><br/>https://ict-and-microdata.wiiw.io<br/>
650 ## - SUBJECT ADDED ENTRY--TOPICAL TERM
Topical term or geographic name entry element Informations- und Kommunikationstechnologie
650 ## - SUBJECT ADDED ENTRY--TOPICAL TERM
Topical term or geographic name entry element neue Technologien
650 ## - SUBJECT ADDED ENTRY--TOPICAL TERM
Topical term or geographic name entry element Firmenanalyse
651 ## - SUBJECT ADDED ENTRY--GEOGRAPHIC NAME
Geographic name Austria
690 ## - LOCAL SUBJECT ADDED ENTRY--TOPICAL TERM (OCLC, RLIN)
Topical term or geographic name as entry element Sectoral studies
830 #0 - SERIES ADDED ENTRY--UNIFORM TITLE
Volume/sequential designation 12
Bibliographic record control number WIIW0000110
Title of a work wiiw Statistical Reports
856 40 - ELECTRONIC LOCATION AND ACCESS
Uniform Resource Identifier <a href="https://wiiw.ac.at/p-7011.html">https://wiiw.ac.at/p-7011.html</a>
942 ## - ADDED ENTRY ELEMENTS (KOHA)
Koha item type Paper
Holdings
Withdrawn status Lost status Damaged status Not for loan Home library Current library Shelving location Date acquired Inventory number Total Checkouts Full call number Barcode Date last seen Price effective from Koha item type
        WIIW WIIW Library 10/27/2024 pwiiw7011   5.700/12 1000010007011 10/27/2024 04/07/2025 Paper
The Vienna Instiute for International Economic Studies (wiiw)